Estudios críticos acerca de la dominación española en América / (Record no. 40867)

MARC details
000 -LEADER
campo de control de longitud fija 01086nam a2200169 i 4500
001 - NÚMERO DE CONTROL
campo de control 40867
003 - IDENTIFICADOR DE NÚMERO DE CONTROL
campo de control ES-MaACL
005 - FECHA Y HORA DE LA ÚLTIMA TRANSACCIÓN
campo de control 20230906160328.0
007 - CAMPO FIJO DE DESCRIPCIÓN FÍSICA--INFORMACIÓN GENERAL
campo de control de longitud fija t|
008 - DATOS DE LONGITUD FIJA--INFORMACIÓN GENERAL
campo de control de longitud fija 030307m18891896sp ||||1| spa d
100 1# - ENTRADA PRINCIPAL--NOMBRE DE PERSONA
Nombre de persona Cappa, Ricardo.
9 (RLIN) 34890
245 10 - MENCIÓN DEL TÍTULO
Título Estudios críticos acerca de la dominación española en América /
Mención de responsabilidad, etc. Ricardo Cappa.
260 ## - PUBLICACIÓN, DISTRIBUCIÓN, ETC.
Lugar de publicación, distribución, etc. Madrid :
Nombre del editor, distribuidor, etc. A.P. Dubrull,
Fecha de publicación, distribución, etc. 1889-1896.
300 ## - DESCRIPCIÓN FÍSICA
Extensión 18 v. ;
Dimensiones 17 cm.
505 8# - NOTA DE CONTENIDO CON FORMATO
Nota de contenido con formato Contiene: T.I: Colón y los españoles. -- T.II: ¿Hubó derecho a conquistar la América?: análisis político del Imperio Incásico -- T.III: La conquista del Perú. -- T.IV: La guerras civiles. -- T.V y VI: Industria agrícola-pecuaria llevada a América por los españoles. -- T.VII: Industria fabril que los españoles fomentaron y arruinaron en América. -- T.VIII y IX: Industrias mecánicas. -- T.X, XI y XII: Industria naval. -- T.XIII y XIV: Bellas Artes: pintura, escultura, música y grabados. -- T.XV al XVII: El Viejo y el Nuevo Mundo: ¿qué era España un siglo antes del descubrimiento de América?
852 ## - LOCALIZACIÓN
Ubicación ES-MaACL
Número de control de estantería D-3051-68
Holdings
Estatus retirado Estado de pérdida Estado de daño No para préstamo Colección Biblioteca de origen Biblioteca actual Ubicación en estantería Fecha de adquisición Fuente de adquisición Total de préstamos Signatura topográfica completa Código de barras Visto por última vez Precio de reemplazo Tipo de ítem Koha
        Libros del s. XIX Biblioteca del Ateneo de Madrid Biblioteca del Ateneo de Madrid Sala Valle Inclán 17/01/2008     D-3051-68 901043019 23/02/2023 23/02/2023 Libro impreso antiguo